000 01242 a2200265 4500
999 _c3002
_d3002
020 _a9780495091585
050 0 0 _aHN 59.2 MOO 2007
100 1 _aMooney, Linda A.
_eauthor
245 1 0 _aUnderstanding social problems /
_cLinda A. Mooney, David Knox, Caroline Schacht
250 _a5th ed.
264 _aBelmont, CA :
_bThomson Higher Education,
_c2007
300 _a1 v. (various pagings) :
_bill. (chiefly col.), col. maps ;
500 _aincludes index
504 _aIncludes bibliographical references
650 0 _aSocial problems
651 0 _aUnited States
700 1 _aKnox, David,
_d1943-
_eauthor
700 1 _aSchacht, Caroline.
_eauthor
856 4 2 _3Contributor biographical information
_uhttp://www.loc.gov/catdir/enhancements/fy1515/2005934718-b.html
856 4 2 _3Publisher description
_uhttp://www.loc.gov/catdir/enhancements/fy1515/2005934718-d.html
856 4 1 _3Table of contents only
_uhttp://www.loc.gov/catdir/enhancements/fy1515/2005934718-t.html
942 _2lcc
_cBK
_e5th ed.
_h59.2
_iMOO
_kHN